<?xml version="1.0" encoding="UTF-8"?>
<record
    xmlns:xsi="http://www.w3.org/2001/XMLSchema-instance"
    xsi:schemaLocation="http://www.loc.gov/MARC21/slim http://www.loc.gov/standards/marcxml/schema/MARC21slim.xsd"
    xmlns="http://www.loc.gov/MARC21/slim">

  <leader>02303nam a2200349 a 4500</leader>
  <controlfield tag="003">mxchpua</controlfield>
  <controlfield tag="005">20240524115259.0</controlfield>
  <controlfield tag="007">ta</controlfield>
  <controlfield tag="008">240524s2022    |mxbdeofs|||| 001 0 spa d</controlfield>
  <datafield tag="040" ind1=" " ind2=" ">
    <subfield code="a">mxchpua</subfield>
  </datafield>
  <datafield tag="090" ind1=" " ind2=" ">
    <subfield code="a">T.C.895</subfield>
    <subfield code="b">S26 EIUPA</subfield>
    <subfield code="c">2022</subfield>
  </datafield>
  <datafield tag="245" ind1="1" ind2="0">
    <subfield code="a">Sociedad de Agricultores Yaxch&#xE9; S.P.R. Chetumal, Quintana Roo / </subfield>
    <subfield code="c">coordinadora Ofelia Sandoval Castilla ; colaboradores Sebasti&#xE1;n Alvarado Castro...[y otros]</subfield>
  </datafield>
  <datafield tag="260" ind1=" " ind2=" ">
    <subfield code="a">Chapingo, M&#xE9;xico :</subfield>
    <subfield code="b">El autor</subfield>
    <subfield code="c">2022</subfield>
  </datafield>
  <datafield tag="300" ind1=" " ind2=" ">
    <subfield code="a">1 recurso en l&#xED;nea (vi, 126 p&#xE1;ginas) : </subfield>
    <subfield code="b">ilustraciones, tablas, gr&#xE1;ficas, mapas, diagramas, planos, fotos</subfield>
  </datafield>
  <datafield tag="336" ind1=" " ind2=" ">
    <subfield code="2">rdacontent</subfield>
    <subfield code="a">texto</subfield>
    <subfield code="b">txt</subfield>
  </datafield>
  <datafield tag="337" ind1=" " ind2=" ">
    <subfield code="2">rdamedia</subfield>
    <subfield code="a">computadora</subfield>
    <subfield code="b">c</subfield>
  </datafield>
  <datafield tag="338" ind1=" " ind2=" ">
    <subfield code="2">rdacarrier</subfield>
    <subfield code="a">recurso en l&#xED;nea</subfield>
    <subfield code="b">cr</subfield>
  </datafield>
  <datafield tag="500" ind1=" " ind2=" ">
    <subfield code="a">Grado: 7&#xB0; a&#xF1;o</subfield>
  </datafield>
  <datafield tag="502" ind1=" " ind2=" ">
    <subfield code="a">Viaje de Estudios</subfield>
    <subfield code="b">(EIUPA) --</subfield>
    <subfield code="c">UACh. Departamento de Ingenier&#xED;a Agroindustrial,</subfield>
    <subfield code="d">2022</subfield>
  </datafield>
  <datafield tag="504" ind1=" " ind2=" ">
    <subfield code="a">Bibliograf&#xED;a: p&#xE1;ginas 102-106</subfield>
  </datafield>
  <datafield tag="505" ind1="0" ind2=" ">
    <subfield code="a">Contiene 10 planos : --
1. Plano de distribuciones propuesta 1 --
2. Plano de distribuciones propuesta 2 --
3. Diagrama de recorrido de la planta propuesta 1--
4. Diagrama de recorrido de la planta propuesta 2 --
5. Plano electrico propuesta 1 --
6. Plano electrico propuesta 2 --
7. Plano de distribuciones propuesta 2 --
8. Diagrama de flujo del proceso propuesta 2 --
9. Diagrama de flujo del proceso propuesta</subfield>
  </datafield>
  <datafield tag="650" ind1="1" ind2="3">
    <subfield code="9">137236</subfield>
    <subfield code="a">Industria agr&#xED;cola</subfield>
    <subfield code="y">M&#xE9;xico</subfield>
    <subfield code="z">Quintana Roo</subfield>
  </datafield>
  <datafield tag="650" ind1="1" ind2="3">
    <subfield code="9">155066</subfield>
    <subfield code="a">Capsicum chinense  </subfield>
    <subfield code="x">Industria y comercio</subfield>
    <subfield code="y">M&#xE9;xico</subfield>
    <subfield code="z">Quintana Roo</subfield>
  </datafield>
  <datafield tag="650" ind1="1" ind2="3">
    <subfield code="9">147917</subfield>
    <subfield code="a">Agricultural industry  </subfield>
    <subfield code="y">Mexico</subfield>
    <subfield code="z">Quintana Roo</subfield>
  </datafield>
  <datafield tag="650" ind1="1" ind2="0">
    <subfield code="9">155066</subfield>
    <subfield code="a">Capsicum chinense  </subfield>
    <subfield code="x">Industry and trade</subfield>
    <subfield code="y">Mexico</subfield>
    <subfield code="z">Quintana Roo</subfield>
  </datafield>
  <datafield tag="700" ind1="1" ind2=" ">
    <subfield code="9">151810</subfield>
    <subfield code="a">Sandoval Castilla, Ofelia</subfield>
    <subfield code="e">coordinadora</subfield>
  </datafield>
  <datafield tag="700" ind1="1" ind2=" ">
    <subfield code="9">185702</subfield>
    <subfield code="a">Alvarado Castro, Sebasti&#xE1;n</subfield>
    <subfield code="e">colaborador</subfield>
  </datafield>
  <datafield tag="856" ind1="4" ind2="0">
    <subfield code="u">http://10.13.5.2/ve/TC895_EIUPA/TC895_EIUPA_2022-REPORTE.pdf</subfield>
    <subfield code="y">DESCARGAR REPORTE</subfield>
  </datafield>
  <datafield tag="856" ind1="4" ind2="0">
    <subfield code="u">http://10.13.5.2/ve/TC895_EIUPA/TC895_EIUPA_2022-PLANO_ELECTRICO_PROPUESTO.pdf</subfield>
    <subfield code="y">DESCARGAR PLANO EL&#xC9;CTRICO PROPUESTO</subfield>
  </datafield>
  <datafield tag="856" ind1="4" ind2="0">
    <subfield code="u">http://10.13.5.2/ve/TC895_EIUPA/TC895_EIUPA_2022-PLANO_DE_DISTRIBUCION_PROPUESTO.pdf</subfield>
    <subfield code="y">DESCARGAR PLANO DE DISTRIBUCI&#xD3;N PROPUESTO</subfield>
  </datafield>
  <datafield tag="856" ind1="4" ind2="0">
    <subfield code="u">http://10.13.5.2/ve/TC895_EIUPA/TC895_EIUPA_2022-DIAGRAMA_DE_RECORRIDO_PROPUESTO.pdf</subfield>
    <subfield code="y">DESCARGAR DIAGRAMA DE RECORRIDO PROPUESTO</subfield>
  </datafield>
  <datafield tag="999" ind1=" " ind2=" ">
    <subfield code="c">219928</subfield>
    <subfield code="d">219928</subfield>
  </datafield>
  <datafield tag="952" ind1=" " ind2=" ">
    <subfield code="0">0</subfield>
    <subfield code="1">0</subfield>
    <subfield code="2">local</subfield>
    <subfield code="4">0</subfield>
    <subfield code="7">0</subfield>
    <subfield code="8">VEE</subfield>
    <subfield code="a">IA_</subfield>
    <subfield code="b">IA_</subfield>
    <subfield code="c">E_L</subfield>
    <subfield code="d">2024-05-24</subfield>
    <subfield code="e">El autor</subfield>
    <subfield code="l">0</subfield>
    <subfield code="o">T.C.895 S26 EIUPA  2022</subfield>
    <subfield code="p">1206015744</subfield>
    <subfield code="r">2024-05-24 00:00:00</subfield>
    <subfield code="w">2024-05-24</subfield>
    <subfield code="y">VEE</subfield>
  </datafield>
</record>
